00610 a2200181 4500003000400000005001700004008004100021020001800062040000900080082001800089100003000107245005600137260003900193300000900232942004200241952012800283999001700411OSt20231218113741.0231218b |||||||| |||| 00| 0 eng d a9789350004647 coclc a801.95bMIS/M aMishra, Shiv Kumar910154 aMARXVADI SAHITYA CHINTAN:bIthihaas thatha Sidhanth aNew Delhi:bVani Prakashan,c2010. a462p 2ddccBKh801.95iMIS/Mk801.95mMIS/M 00102ddc40708LITaMESbMEScHINd2023-12-18l0o801.95 MIS/Mp43088r2023-12-18 11:38:47v595.00w2023-12-18yBKzGR6R3 c43454d43454